000 00453cam a2200181ua 4500
020 _c12.00
041 _ahin
_h
082 _a891.54
_bMAN/BH
100 _aManmathnath, Gupta .
245 _aBharatiya krantikari antholan ka ithihas /
_cManmathnath gupta.
_hTextual Documents
250 _a1 /
_b.
260 _a :
_bAtmaram and Sons ,
_c1966.
300 _a532 ; .
365 _a12.00
504 _a
942 _cBK
999 _c8486
_d8486